| 000 | 00661nam a22002177a 4500 | ||
|---|---|---|---|
| 003 | OSt | ||
| 005 | 20180116192407.0 | ||
| 008 | 111220t 2010xxu||||| |||| 00| 0 eng d | ||
| 040 | _c0 | ||
| 082 |
_a720.25 _bPRE |
||
| 110 |
_bPrestige Publication _9709 |
||
| 245 |
_aBuilding Resource Book of Pakistan _cPrestige Publication _hVol 1 |
||
| 250 | _a5th | ||
| 260 |
_aLahore: _bPrestige Publication; _c2010 |
||
| 300 |
_aVol 1. _c27 cm. |
||
| 650 |
_bArchitecture _xDirectories _9710 |
||
| 650 |
_bArchitecture _xDairies _9711 |
||
| 710 |
_bPrestige Publication _9712 |
||
| 942 |
_2ddc _cREF |
||
| 999 |
_c353441 _d353441 |
||